2016 NFL Quarterbacks - Statistics

General Stats
  • This quiz has been taken 21 times
  • The average score is 9 of 10
Answer Stats
Team Quarterback % Correct
Green Bay Packers Aaron Rodgers
100%
Carolina Panthers Cam Newton
100%
Seattle Seahawks Russell Wilson
100%
New Orleans Saints Drew Brees
94%
New York Giants Eli Manning
94%
New England Patriots Tom Brady
94%
Indianapolis Colts Andrew Luck
89%
Pittsburgh Steelers Ben Roethlisberger
89%
Dallas Cowboys Tony Romo
83%
Tennessee Titans Marcus Mariota
78%
No matching quizzes found
Score Distribution
Percent of People with Each Score
Percentile by Number Answered
Your Score History
You have not taken this quiz